Pokopia Pokedex - Statistics

General Stats
  • This quiz has been taken 19 times
  • The average score is 198 of 300
Answer Stats
Pokémon % Correct
Bellsprout
100%
Blastoise
100%
Bulbasaur
100%
Charizard
100%
Charmander
100%
Charmeleon
100%
Ivysaur
100%
Lugia
100%
Meowth
100%
Mew
100%
Mewtwo
100%
Persian
100%
Pichu
100%
Pikachu
100%
Raichu
100%
Snorlax
100%
Squirtle
100%
Venusaur
100%
Victreebel
100%
Wartortle
100%
Weepinbell
100%
Abra
89%
Aerodactyl
89%
Alakazam
89%
Arcanine
89%
Articuno
89%
Bellossom
89%
Blissey
89%
Chansey
89%
Clodsire
89%
Diglett
89%
Ditto
89%
Dragonair
89%
Dragonite
89%
Dratini
89%
Dugtrio
89%
Electabuzz
89%
Elekid
89%
Entei
89%
Gastly
89%
Gengar
89%
Gloom
89%
Grimer
89%
Growlithe
89%
Haunter
89%
Hitmonchan
89%
Hitmonlee
89%
Hitmontop
89%
Hoothoot
89%
Igglybuff
89%
Jigglypuff
89%
Kadabra
89%
Kyogre
89%
Lapras
89%
Lucario
89%
Machamp
89%
Machoke
89%
Machop
89%
Magby
89%
Magmar
89%
Magmortar
89%
Magnemite
89%
Magneton
89%
Magnezone
89%
Moltres
89%
Muk
89%
Munchlax
89%
Ninetales
89%
Noctowl
89%
Oddish
89%
Onix
89%
Pidgeot
89%
Pidgeotto
89%
Pidgey
89%
Pinsir
89%
Poliwag
89%
Raikou
89%
Scizor
89%
Scyther
89%
Slowbro
89%
Slowking
89%
Slowpoke
89%
Steelix
89%
Suicune
89%
Tangela
89%
Tangrowth
89%
Vileplume
89%
Vulpix
89%
Wigglytuff
89%
Wooper
89%
Zapdos
89%
Cacnea
78%
Cacturne
78%
Clefable
78%
Clefairy
78%
Cleffa
78%
Crobat
78%
Eevee
78%
Electivire
78%
Electrode
78%
Espeon
78%
Farfetch’d
78%
Flaaffy
78%
Flareon
78%
Gardevoir
78%
Geodude
78%
Golbat
78%
Golduck
78%
Golem
78%
Graveler
78%
Gyarados
78%
Happiny
78%
Heracross
78%
Ho-oh
78%
Jolteon
78%
Koffing
78%
Magikarp
78%
Mareep
78%
Mr. Mime
78%
Paras
78%
Parasect
78%
Poliwhirl
78%
Poliwrath
78%
Psyduck
78%
Riolu
78%
Tyrogue
78%
Vaporeon
78%
Venomoth
78%
Venonat
78%
Voltorb
78%
Weezing
78%
Zubat
78%
Absol
67%
Ampharos
67%
Arbok
67%
Azumarill
67%
Azurill
67%
Combee
67%
Cubone
67%
Ekans
67%
Exeggcute
67%
Exeggutor
67%
Gallade
67%
Glaceon
67%
Goodra
67%
Goomy
67%
Honchkrow
67%
Kirlia
67%
Leafeon
67%
Makuhita
67%
Marill
67%
Marowak
67%
Misdreavus
67%
Mismagius
67%
Murkrow
67%
Piplup
67%
Politoed
67%
Porygon
67%
Porygon2
67%
Porygon-Z
67%
Pupitar
67%
Ralts
67%
Shellos
67%
Sliggoo
67%
Sylveon
67%
Tyranitar
67%
Umbreon
67%
Vespiquen
67%
Amaura
56%
Ariados
56%
Armarouge
56%
Aurorus
56%
Axew
56%
Beldum
56%
Blaziken
56%
Bonsly
56%
Ceruledge
56%
Charcadet
56%
Cinderace
56%
Combusken
56%
Empoleon
56%
Flygon
56%
Fraxure
56%
Gastrodon
56%
Hariyama
56%
Haxorus
56%
Lampent
56%
Larvitar
56%
Litwick
56%
Lombre
56%
Lotad
56%
Ludicolo
56%
Metagross
56%
Metang
56%
Pawmo
56%
Pawmot
56%
Prinplup
56%
Raboot
56%
Rotom
56%
Scorbunny
56%
Smeargle
56%
Spinarak
56%
Sudowoodo
56%
Timburr
56%
Torchic
56%
Torkoal
56%
Trapinch
56%
Tyrantrum
56%
Tyrunt
56%
Vibrava
56%
Volcanion
56%
Altaria
44%
Audino
44%
Bastiodon
44%
Chandelure
44%
Charjabug
44%
Cinccino
44%
Conkeldurr
44%
Cranidos
44%
Cyndaquil
44%
Dartrix
44%
Decidueye
44%
Dedenne
44%
Dragapult
44%
Drakloak
44%
Dreepy
44%
Drifblim
44%
Drifloon
44%
Drilbur
44%
Dusclops
44%
Dusknoir
44%
Duskull
44%
Excadrill
44%
Farigiraf
44%
Garbodor
44%
Girafarig
44%
Greedent
44%
Grubbin
44%
Gurdurr
44%
Illumise
44%
Kricketot
44%
Kricketune
44%
Larvesta
44%
Mawile
44%
Mimikyu
44%
Minccino
44%
Noibat
44%
Noivern
44%
Pawmi
44%
Quilava
44%
Rampardos
44%
Rowlet
44%
Serperior
44%
Servine
44%
Shieldon
44%
Skwovet
44%
Snivy
44%
Swablu
44%
Tatsugiri
44%
Toxel
44%
Toxtricity
44%
Trubbish
44%
Typhlosion
44%
Vikavolt
44%
Volbeat
44%
Volcarona
44%
Zoroark
44%
Zorua
44%
Carkol
33%
Chatot
33%
Coalossal
33%
Corviknight
33%
Corvisquire
33%
Dachsbun
33%
Fidough
33%
Froakie
33%
Frogadier
33%
Gholdengo
33%
Gimmighoul
33%
Glimmet
33%
Glimmora
33%
Greninja
33%
Gulpin
33%
Kilowattrel
33%
Minun
33%
Pelipper
33%
Plusle
33%
Rolycoly
33%
Rookidee
33%
Swalot
33%
Tinkatink
33%
Tinkaton
33%
Tinkatuff
33%
Wattrel
33%
Wingull
33%
Cramorant
22%
Floragato
22%
Meowscarada
22%
Sprigatito
22%
Mine Jr.
11%
No matching quizzes found
Score Distribution
Percent of People with Each Score
Percentile by Number Answered
Your Score History
You have not taken this quiz